| 000 | 00655cab a2200217 4500 | ||
|---|---|---|---|
| 001 | WB2943-40 | ||
| 008 | 090401t1993 xxu||||| |||| 00| 0 eng d | ||
| 035 | _a(Sirsi) u72057 | ||
| 041 | _aeng | ||
| 245 | _aGamble on Mexico | ||
| 260 | _c1993 | ||
| 350 | _a0 | ||
| 490 |
_aFinancial Times _v16 November 1993, 31(2) |
||
| 520 | _aExamines investment in property in Mexico in the light of the recent investments there by the Reichmann brothers. | ||
| 650 | _aMEXICO | ||
| 650 | _aPROPERTY MARKET | ||
| 690 | _aPROPERTY-COMMERCIAL PROPERTY-COMMERCIAL PROPERTY MARKET | ||
| 690 | _aOVERSEAS-REST OF THE WORLD | ||
| 942 | _n0 | ||
| 948 | _c04/03/1997 | ||
| 999 |
_c45462 _d45462 |
||